Vivre l'islam : Le soufisme aujourd'hui /
Saved in:
| Main Author: | |
|---|---|
| Format: | Book |
| Language: | French |
| Published: |
Gordes :
Relié,
c2003.
|
| Series: | Essais (Gordes, France)
|
| Subjects: | |
| Tags: |
Add Tag
No Tags, Be the first to tag this record!
|
| LEADER | 00746cam a2200277Ii 4500 | ||
|---|---|---|---|
| 001 | 009463555-2 | ||
| 005 | 20070313191139.0 | ||
| 008 | 031113s2003 fr b 000 0 fre d | ||
| 020 | |a 2914916272 | ||
| 020 | |a 9782914916271 | ||
| 035 | 0 | |a ocm53974528 | |
| 040 | |a TZT |c TZT |d AUXAM |d TEF |d HLS | ||
| 072 | 7 | |a BP |2 lcco | |
| 082 | 1 | 4 | |a 297 |2 1 |
| 090 | |a BP189 |b .B46 2003 | ||
| 100 | 1 | |a Bentounès, Khaled. | |
| 245 | 1 | 0 | |a Vivre l'islam : |b Le soufisme aujourd'hui / |c Cheikh Khaled Bentounès. |
| 260 | |a Gordes : |b Relié, |c c2003. | ||
| 300 | |a 266 p. ; |c 23 cm. | ||
| 490 | 1 | |a Essais | |
| 504 | |a Includes bibliographical references. | ||
| 650 | 0 | |a Sufism. | |
| 650 | 0 | |a Islam. | |
| 830 | 0 | |a Essais (Gordes, France) | |
| 988 | |a 20040929 | ||
| 906 | |0 OCLC | ||


